Statistiques concernant Les 101 dalmatiens - Disney classiques

Cliquez ici pour prendre le quiz!

Statistiques générales

  • Ce quiz a été pris 242 fois
  • Le résultat moyen est 9 sur 15

Statistiques - réponses

QuestionRéponse% Correct
Comment s'appelle son père ?Pongo
96%
Et sa mère ?Perdita
94%
Comment s'appelle le chiot qui possède un patch ?Patch
81%
De quel instrument Roger joue t-il ?Piano
80%
Sous les ordres de qui ?Cruella d'enfer
79%
Qui lui a fait un massage pour le ramener à la vie ?Roger
74%
De qui est elle l'ancienne camarade de classe ?Anita
68%
Combien de chiots sont enlevés ?99
66%
Et celui qui est mort à la naissance ?Lucky
65%
Qui enlève les chiots ?Horace et Jasper
56%
Qui est le chiot qui aime le plus manger ?Rolly
47%
Comment s'appelle la gouvernante ?Nanny
40%
Que veut elle faire avec les chiots ?Un manteau de fourrure
28%
Comment s'appelle le chat qui aide les chiots à fuir ?Sergent Tibbs
21%
En quoi se déguisent les chiots pour échapper à leur ravisseurs ?En labradors
9%

Distribution des résultats

Percentile par nombre de réponses

% des personnes avec chaque résultat

Votre développement - résultats

Vous n’avez pas pris ce quiz